| 000 | 00457nam a22001697a 4500 | ||
|---|---|---|---|
| 003 | NUST - PNEC | ||
| 005 | 20170116180859.0 | ||
| 008 | 150901b xxu||||| |||| 00| 0 eng d | ||
| 020 | _a0074516558 | ||
| 040 | _cLIBRARY | ||
| 082 | _a620.00452 GOV | ||
| 100 |
_96200 _aGovil, A K |
||
| 245 |
_aReliability engineering _cA K Govil |
||
| 260 |
_aNew Delhi: _cc1983. |
||
| 650 |
_96201 _aReliability engineering, mechanical engineering _xME |
||
| 942 |
_2ddc _cBK |
||
| 999 |
_c64903 _d64903 |
||